Statistics for Largest City In Each Canadian Province Or Territory

Click here to take the quiz!

General Stats

  • This quiz has been taken 15 times
  • The average score is 11 of 13

Answers on the Map

Answers color-coded by a green-red scale on the quiz's map according to % correct below.
 

Answer Stats

Answer% Correct
Toronto
100%
Vancouver
100%
Halifax
93%
Montreal
93%
Winnipeg
93%
Calgary
87%
Iqaluit
87%
St Johns
87%
Charlottetown
80%
Saskatoon
80%
Whitehorse
80%
Yellowknife
73%
Moncton
53%

Score Distribution

Percentile by Number Answered

Percent of People with Each Score

Your Score History

You have not taken this quiz